Guess the FIFA 23 player #1 - Statistics

General Stats
  • This quiz has been taken 5,583 times
  • The average score is 5 of 12
Answer Stats
Picture Answer % Correct
Frenkie De Jong
72%
Johan Cruyff
62%
Theo Hernandez
60%
Thomas Muller
54%
Darwin Nunez
38%
Diego Forlan
38%
Renato Sanches
38%
Yaya Toure
37%
Carles Puyol
24%
Niclas Füllkrug
24%
Phil Foden
22%
Oleksandr Zinchenko
11%
No matching quizzes found
Score Distribution
Percent of People with Each Score
Percentile by Number Answered
Your Score History
You have not taken this quiz